|
|
|
|
| LEADER |
00000cam a2200000 a 4500 |
| 001 |
vtls001384180 |
| 003 |
SK-MaSNL |
| 005 |
20260301161437.0 |
| 008 |
250414s1999 xo ad r 100 0 slo |
| 015 |
|
|
|a SNBA2001/12-04053
|
| 020 |
|
|
|a 8096759116
|
| 035 |
|
|
|a SNK000338286
|
| 035 |
|
|
|a urn:nbn:sk:snk-amjs1t
|
| 035 |
|
|
|a urn:nbn:sk:snk:ar-a0bkp1
|
| 035 |
|
|
|a a8488988-ccb7-41f5-b9ad-f124a2006312
|
| 040 |
|
|
|a SNK
|b slo
|c SNK
|e AACR2
|
| 041 |
0 |
|
|a slo
|
| 044 |
|
|
|a xo
|c SK
|
| 080 |
|
|
|a 336+368(082)
|2 1981
|
| 080 |
|
|
|a 368(082)
|2 1981
|
| 111 |
1 |
|
|a Infofinex
|n (6. :
|d 1999 :
|c Banská Bystrica, Slovensko)
|4 aut
|9 110611
|
| 245 |
0 |
0 |
|a Infofinex
|b 6. medzinárodný seminár, Banská Bystrica, 21.9.1999 : [nové trendy informatiky vo finančníctve, bankovníctve a poisťovníctve] : zborník
|
| 260 |
|
|
|a [Banská Bystrica
|b BB expo
|c 1999]
|
| 300 |
|
|
|a 52 s.
|b grafy, sch.
|c 30 cm
|
| 500 |
|
|
|a Čiast. text angl. a čes.
|
| 504 |
|
|
|a Bibliogr. odkazy. Res. angl.
|
| 650 |
0 |
7 |
|a finančníctvo
|x zborníky
|2 SNK
|9 283948
|
| 650 |
0 |
7 |
|a bankovníctvo
|x zborníky
|2 SNK
|9 283950
|
| 650 |
0 |
7 |
|a poisťovníctvo
|x zborníky
|2 SNK
|9 283949
|
| 655 |
|
7 |
|a zborníky konferencií
|2 SNKPH
|9 70153
|
| 655 |
|
7 |
|a issue_zb
|2 SNK
|9 276493
|
| 852 |
|
|
|a Slovenská národná knižnica
|
| 919 |
|
|
|a 80-967591-1-6
|
| 954 |
|
|
|a odborná, vedecká literatúra pôvodná (slovenská)
|2 lita
|
| 954 |
|
|
|a odborná, vedecká literatúra cudzojazyčná (svetová)
|2 lita
|
| 958 |
|
|
|a OND
|
| 958 |
|
|
|a ART
|
| 958 |
|
|
|a TL
|
| 958 |
|
|
|a ZB
|
| 958 |
|
|
|a NB
|
| 999 |
|
|
|c 809486
|d 811416
|
| 952 |
|
|
|t P60, <03>, [BOOK], {603}
|a SNK
|b SNK
|y PREZ
|7 0
|p 17A0230717
|o snkSB 61504
|i snkKSP 2621/2000
|0 0
|1 0
|4 0
|d 2000-03-03
|f 1
|l 0
|r 2025-04-15 00:00:00
|w 2026-02-24
|
| 952 |
|
|
|t P60, <04>, [BOOK], {604}
|a SNK
|b SNK
|y VYP
|7 0
|p 17A0230718
|o snkSB 61504 D1
|i snkKSP 2622/2000
|0 0
|1 0
|4 0
|d 2000-03-03
|l 0
|r 2005-01-02 00:00:00
|w 2026-02-24
|